00395nam a2200169Ia 4500008004100000020001800041050001400059100001600073245002000089245001500109260001500124260001700139260000900156300001400165300002500179440002100204180207s9999 xx 000 0 und d a9780717298464 bB534 2005 aBerry, Joy. aParents guide / cJoy Berry. aNew York : bScholastic,  c2005 aunpaged : bcolor illustration ; aHelp me be good!